Statistics for Biggest Cities in New Zealand

Click here to take the quiz!

General Stats

  • This quiz has been taken 38 times
    (24 since last reset)
  • The average score is 4 of 5

Answer Stats

Population Island City % Correct
1,454,300NorthAuckland
100%
398,300NorthWellington
100%
381,800SouthChristchurch
94%
224,000NorthHamilton
50%
130,800NorthTauranga
31%

Score Distribution

Percentile by Number Answered

Percent of People with Each Score

Your Score History

You have not taken this quiz since the last reset